000 00839nam a2200217Ii 4500
003 JO-AjNU
008 230605s9999||||xx |||||||||||||| ||und||
017 _a95/9944
020 _a977-270-234-7
040 _aJO-AjNU
_bara
_erda
_cJO-AjNU
041 _aara
050 1 4 _aZ1033.8.A7.K42 1996
100 3 _aخليفة ،شعبان عبد العزيز ,
_eauthor
_913633
245 0 0 _aالببليوجرافيا او علم الكتاب :دراسة في اصول النظرية الببلوجرافية وتطبيقاتها النظرية العامة
264 3 1 _aالقاهرة :الدار المصرية اللبنانية ،1996
300 _a524ص
336 _atext
_btxt
_2rdacontent
337 _aunmediated
_bn
_2rdamedia
338 _avolume
_bnc
_2rdacarrier
650 4 _aالببلوجرافيا التحليلية
_913634
999 _aA3445
_c7013
_d7013